000 01713nam a2200373Ia 4500
001 ebr10677154
003 CaPaEBR
006 m u
007 cr cn|||||||||
008 080418s2007 enk sb 101 0 eng d
010 _z 2008371422
020 _z1847183271 (hbk.)
020 _z9781443810401
020 _z9781847183279 (hbk.)
040 _aCaPaEBR
_cCaPaEBR
035 _a(OCoLC)847618269
050 1 4 _aP40
_b.L52 2007eb
245 0 0 _aLinguistic identity in postcolonial multilingual spaces
_h[electronic resource] /
_cedited by Eric A. Anchimbe.
260 _aNewcastle, UK :
_bCambridge Scholars Publishing,
_c2007.
300 _axi, 350 p.
500 _aIncludes rev. version of papers originally presented at a section of the Innovations and Reproductions in Cultures and Societies Conference, which was held Dec. 9-11, 2005, Vienna, Austria.
504 _aIncludes bibliographical references and indexes.
533 _aElectronic reproduction.
_bPalo Alto, Calif. :
_cebrary,
_d2013.
_nAvailable via World Wide Web.
_nAccess may be limited to ebrary affiliated libraries.
650 0 _aSociolinguistics
_vCongresses.
650 0 _aMultilingualism
_vCongresses.
650 0 _aPostcolonialism
_vCongresses.
650 0 _aMultilingual persons
_xSocial conditions
_vCongresses.
650 0 _aAnthropological linguistics
_vCongresses.
655 7 _aElectronic books.
_2local
700 1 _aAnchimbe, Eric A.
710 2 _aebrary, Inc.
711 2 _aInnovations and Reproductions in Cultures and Societies Conference
_d(2005 :
_cVienna, Austria)
856 4 0 _uhttp://site.ebrary.com/lib/rucke/Doc?id=10677154
_zAn electronic book accessible through the World Wide Web; click to view
999 _c58904
_d58904